| 000 | 01442cam a22002654a 4500 | ||
|---|---|---|---|
| 999 |
_c128583 _d128583 |
||
| 001 | 15216579 | ||
| 003 | ARRUPE | ||
| 005 | 20181115103646.0 | ||
| 008 | 080312s2008 miu bi 001 0 eng | ||
| 010 | _a 2008011655 | ||
| 020 | _a9781587430817 (pbk.) | ||
| 040 |
_aDLC _cDLC _dDLC |
||
| 050 | 0 | 0 |
_aBV600.3 _b.H445 2008 |
| 100 | 1 |
_aHarvey, Barry, _d1954- _943488 |
|
| 245 | 1 | 0 |
_aCan these bones live? : _ba Catholic Baptist engagement with ecclesiology, hermeneutics, and social theory / _cBarry Harvey. |
| 260 |
_aGrand Rapids, Mich. : _bBrazos Press, _cc2008. |
||
| 300 |
_a318 p. ; _c23 cm. |
||
| 504 | _aIncludes bibliographical references (p. 289-303) and indexes. | ||
| 505 | 0 | _aIntroduction : Where, then, do we stand? -- Can these bones live? -- Caught up in the apocalypse -- Let us be like the nations -- Lovers, madmen, and pilgrim poets -- Doctrinally speaking -- Sacramental sinews -- Holy vulnerable -- Living in tents. | |
| 650 | 0 |
_aChurch. _943489 |
|
| 650 | 0 |
_aChristian sociology. _943490 |
|
| 856 | 4 | 1 |
_3Table of contents only _uhttp://www.loc.gov/catdir/toc/ecip0814/2008011655.html |
| 906 |
_a7 _bcbc _corignew _d1 _eecip _f20 _gy-gencatlg |
||
| 942 |
_2lcc _cMONOGRAPH |
||